000 04649nam a22004817a 4500
005 20080929101452.0
010 _aHIN-92413 B-443978-993
020 _c450.00
_a9788126720170
035 _aHN-64759
035 _aB-443978-993
037 _bDBAD / PUB
037 _bएलाईड पब्लिशर्स/
082 _a
245 _aएक शमशेर भी है /
_cदूधनाथ सिंह द्वारा संपादित
246 _aEk Shamsher bhee hai
_bby Doodh Nath Singh
260 _aनई दिल्ली
_bराजकमल प्रकाशन
_c2011
270 _a1-बी, नेताजी सुभाष मार्ग
_bनई दिल्ली
_e110002
300 1 _a310पृ.
_c22सेमी (सजिल्द)
650 _aलघु कथाएँ, हिन्दी
_91169
650 _aShort Stories
_91170
700 _926643
_aदूधनाथ सिंह
700 _927078
710 _926662
942 _2ddc
_cHN
_mएकश
_h
999 _c51710
_d51710